000 00985pam a2200337 a 4500
999 _c1783
_d1783
001 013557294
003 Uk
005 20230127104730.0
008 060511s2007 enk j 000 1 eng
015 _aGBA679999
_2bnb
016 7 _a013557294
_2Uk
020 _a9780439951333 (pbk.) :
040 _aStDuBDS
_beng
_cStDuBDS
_dUk
_dKH8
042 _aukblcatcopy
082 0 4 _a823.92 BRO
_222
100 1 _aBrooke, Lauren.
_eauthor
245 1 0 _aPlaying for keeps /
_cLauren Brooke.
260 _aLondon :
_bScholastic,
_c2007.
300 _a185 p. ;
_c20 cm.
336 _atext
_2rdacontent
337 _aunmediated
_2rdamedia
338 _avolume
_2rdacarrier
490 1 _aChestnut Hill
500 _aFormerly CIP.
_5Uk
650 0 _aChestnut Hill (Imaginary place)
_vJuvenile fiction.
650 0 _aBoarding schools
_zGreat Britain
_vJuvenile fiction.
650 0 _aHorses
_vJuvenile fiction.
655 0 _aChildren's stories.
830 0 _aChestnut Hill
942 _2ddc
_cNFIC